Responses for Show #6131 - Monday, April 18, 2011

Contestants

[<< previous game]

John Paul Manuel, an operations specialist from San Francisco, California

Andrew Fuller, a special education teacher from Elburn, Illinois

Sara Heard, a housewife from Brooklyn, New York (whose 3-day cash winnings total $70,400)

[next game >>]

Jeopardy! Round responses

REAL HISTORICAL HOUSEWIVES OF D.C.
FOOD WORDS & PHRASES
FORBES' MOST-EDUCATED SMALL TOWNS
"A" IS FOR AUTHOR
HOLIDAYS & OBSERVANCES
BACKSTAGE AT THE MET
(Sarah: The world behind-the-scenes that creates the amazing worlds onstage.)
    $200 6
(Jackie) Kennedy

John Paul
    $200 1
relish

Sara
    $200 23
Bethesda

Andrew
    $200 8
(Louisa May) Alcott

Sara
    $200 13
Dr. Seuss

John Paul
    $200 18
Die Walküre (The Valkyrie)

Triple Stumper
    $400 7
(Andrew: Who is Dolley Madison?)

Abigail Adams

SaraAndrew
    $400 2
his goose

Sara
    $400 24
Chapel Hill

Triple Stumper
    $400 9
Aristotle

Triple Stumper
    $400 14
a groundhog

Sara
    $400 19
Julie Taymor

Sara
    $600 20
Edith Wilson

John Paul
    $600 3
bread

Sara
    $600 25
State College

Triple Stumper
    $600 10
(Maya) Angelou

John Paul
    $600 15
Poland

Sara
    $600 26
the "Anvil Chorus"

Sara
    $800 21
Mamie Eisenhower

Sara
    $800 4
"You can't have your cake and eat it, too"

Sara
    $800 29
(Sara: What is Amherst?)
[The end-of-round signal sounds.]

Wellesley

Sara
Triple Stumper
    $800 11
Aristophanes

Sara
    $800 16
Arkansas

Andrew
    $800 27
La bohème

Sara
    $2,000 22
(Sara: Who is... [shakes head])

"Lemonade" Lucy Hayes

Sara
    $1000 5
(Sara: What is a cruller?)

a doughnut

SaraJohn Paul
    $1000 12
(Jean) Auel

Andrew
    $1000 17
Alaska

John Paul
    $1000 28
Aida

John Paul

Scores at the first commercial break (after clue 15):

Sara Andrew John Paul
$3,400 $600 $2,000

Scores at the end of the Jeopardy! Round:

Sara Andrew John Paul
$3,200 $1,600 $4,600

Double Jeopardy! Round responses

CALIFORNIA GOVERNORS
SCHWARZENEGGER
(Alex: All about birds...)
GRADE AVIS
RE: GUN
THE BROWNS
WARRIN'
    $400 18
(Thomas) Dewey

John Paul
    $400 7
(Danny) DeVito

John Paul
    $400 26
a condor

Sara
    $400 1
Hammer

Sara
    $400 2
an opossum

Andrew
    $400 16
bellicose

Andrew
    $800 19
(Leland) Stanford

John Paul
    $800 8
Oliver Stone

Sara
    $800 27
a blackbird

Andrew
    $800 3
the Golden Gun

Sara
    $800 12
Jim Brown

Andrew
    $800 17
hawks (war hawks accepted)

John Paul
    $1200 20
the plague

John Paul
    $1200 9
Hercules

Andrew
    $1200 28
[The end-of-round signal sounds.]

a canary

Andrew
    $1200 4
Johnny

Andrew
    $1200 13
the Himalayas

John Paul
    $1200 23
pugnacious

Sara
    $4,000 21
(John Paul: Who is Lewis?)
...
(Alex: You were thinking Sinclair Lewis instead of [*].)

Upton Sinclair

John Paul
    $1600 10
Richard Dawson

Sara
    $1600 5
Horatio Hornblower

Triple Stumper
    $1600 14
Gordon Brown

Sara
    $1600 24
(Alex: With a minute to go.)

hostile

Sara
    $2000 22
Tom Bradley

Sara
    $2000 11
James Cameron

Triple Stumper
    $2000 6
Elmore Leonard

Triple Stumper
    $2000 15
Eugene O'Neill

Triple Stumper
    $1,000 25
contentious

Sara

Scores at the end of the Double Jeopardy! Round:

Sara Andrew John Paul
$14,600 $7,600 $5,400

[wagering suggestions for these scores]

Final Jeopardy! Round responses

BASEBALL GEOGRAPHY
John PaulWhat is Montana?
$5,000
AndrewWhat is Montana?
$7,000
SaraWhat is Utah Montana?
$601
Montana

Final scores:

Sara Andrew John Paul
$15,201 $14,600 $10,400
4-day champion: $85,601 2nd place: $2,000 3rd place: $1,000

Game dynamics:

Coryat scores:

Sara Andrew John Paul
$17,600 $7,600 $9,400
23 R
(including 1 DD),
3 W
(including 1 DD)
10 R,
1 W
13 R,
1 W
(including 1 DD)

Combined Coryat: $34,600

[game clues] [game scores] [suggest correction]

Game tape date: 2011-01-20
The J! Archive is created by fans, for fans. Scraping, republication, monetization, and malicious use prohibited; this site may use cookies and collect identifying information. See terms. The Jeopardy! game show and all elements thereof, including but not limited to copyright and trademark thereto, are the property of Jeopardy Productions, Inc. and are protected under law. This website is not affiliated with, sponsored by, or operated by Jeopardy Productions, Inc. Join the discussion at JBoard.tv.